Estadísticas para Junta al País con su Capital: África

Haz click aquí para intentar la prueba.

Estadísticas generales

  • Esta prueba ha sido intentada 58 veces
  • La puntuación promedio es 34 de 54

Estadísticas de respuestas

HintRespuesta% Correcto
EgiptoEl Cairo
96%
YibutiYibuti
96%
KeniaNairobi
93%
MarruecosRabat
93%
LibiaTrípoli
93%
EtiopíaAdís Abeba
89%
SudáfricaPretoria
89%
ArgeliaArgel
86%
Guinea-BisáuBisáu
86%
Santo Tomé y PríncipeSanto Tomé
86%
SenegalDakar
82%
MadagascarAntananarivo
79%
AngolaLuanda
79%
TúnezTúnez
79%
Sierra LeonaFreetown
75%
República Democrática del CongoKinsasa
71%
MozambiqueMaputo
71%
República del CongoBrazzaville
64%
RuandaKigali
64%
LiberiaMonrovia
64%
Cabo VerdePraia
64%
NamibiaWindhoek
64%
CamerúnYaundé
64%
NigeriaAbuya
61%
GhanaAcra
61%
TanzaniaDodoma
61%
SudánJartum
61%
UgandaKampala
61%
Guinea EcuatorialMalabo
61%
Sudán del SurYuba
61%
EritreaAsmara
57%
GuineaConakri
57%
SomaliaMogadiscio
57%
MauritaniaNuakchot
57%
Burkina FasoUagadugú
57%
SeychellesVictoria
57%
Costa de MarfilYamusukro
57%
ZambiaLusaka
54%
MalíBamako
50%
ZimbabueHarare
50%
TogoLomé
50%
NígerNiamey
50%
MauricioPort Louis
50%
GambiaBanjul
46%
GabónLibreville
46%
MalauiLilongüe
46%
EsuatiniMbabane
46%
ComorasMoroni
46%
BenínPorto Novo
46%
ChadYamena
46%
BotsuanaGaborone
43%
República CentroafricanaBangui
39%
BurundiGitega
39%
LesotoMaseru
36%

Distribución de puntuación

Porcentaje por número respondido

Porcentaje de gente con cada puntuación

Historial de tus puntuaciones

No has intentado esta prueba.